MARC
| LEADER | 00000 a a2200000 04500 | ||
|---|---|---|---|
| 001 | 6390 | ||
| 003 | |||
| 040 | |||
| 245 | |a Derechos humanos: |b un cuarto de siglo | ||
| 650 | |a DERECHOS HUMANOS | ||
| 773 | |g volumen 21, número 915; páginas 12-16 | ||
| 999 | |c 23442 |d 23442 | ||
| LEADER | 00000 a a2200000 04500 | ||
|---|---|---|---|
| 001 | 6390 | ||
| 003 | |||
| 040 | |||
| 245 | |a Derechos humanos: |b un cuarto de siglo | ||
| 650 | |a DERECHOS HUMANOS | ||
| 773 | |g volumen 21, número 915; páginas 12-16 | ||
| 999 | |c 23442 |d 23442 | ||